000 00292nam a2200133Ia 4500
008 260604s9999 xx 000 0 und d
020 _a9781071904183
082 _a174 JOH
100 _aJohnson
_935393
245 0 _aORGANIZATIONAL ETHICS
260 _bSAGE
500 _aEthics
942 _cBK
999 _c8206
_d8206